LEADER 01170nam a2200277 i 4500 001 000000036413 003 CaOOAMICUS 005 20081113000000.0 008 081113s1990 it u000 u ita u 013 $a5871 020 $a88-311-0321-0 040 $aSeMil$bita 100 1 $aMura, Gaspare,$d<1937- >.$0(OLS)http://semarc/name/106 245 10$aErmeneutica e verità :$bstoria e problemi della filosofia dell'interpretazione /$cGaspare Mura. 260 $aRoma :$bCittà Nuova,$c1990. 300 $a516 p. ;$c20 cm. 490 0 $aFilosofia ;$v18 650 4$aErmeneutica filosofica.$0(OLS)http://semarc/subject/5404 650 4$aErmeneutica - Storia.$0(OLS)http://semarc/subject/5677 830 0$aFilosofia ;$v18.$0(OLS)http://semarc/title/8053 850 $aSeMil 852 $aSeMil$W1$xVenegono$y1$m2P III 446$j2568$B2568$CSeMilBibl$Z2$F2568 $81 961 $aAcquisto: Città Nuova 996 $6020$a88-311-0321-0$9(OLS)http://semarc/number/5026 996 $6245$aErmeneutica e verità :$bstoria e problemi della filosofia dell'interpretazione$9(OLS)http://semarc/title/50391 996 $6260$aRoma :$bCittà Nuova$9(OLS)http://semarc/publisher/29609 LEADER 01012nam a2200253 i 4500 001 000000112427 003 CaOOAMICUS 005 20050204000000.0 008 050204n it u000 u ger u 013 $a85111 040 $aSeMil$bita 245 10$a1. 300 $aXXVIII, 412 p. 490 0 $aStoria e letteratura : raccolta di studi e testi ;$v80 650 4$aDemonio.$0(OLS)http://semarc/subject/6235 650 4$aEsorcismi.$0(OLS)http://semarc/subject/7025 650 4$aCarismi.$0(OLS)http://semarc/subject/5606 700 1 $aJaeger, Werner,$d<1888-1961>.$0(OLS)http://semarc/name/97058 773 0 $aJaeger, Werner <1888-1961>$tScripta minora.$dRoma : Edizioni di Storia e Letteratura, 1960.$kStoria e letteratura$g1$w()12877 830 0$aStoria e letteratura ;$v80.$0(OLS)http://semarc/title/420 850 $aSeMil 852 $aSeMil$W1$xVenegono$y1$m3T V 80$j68182$B68182$CSeMilBibl$Z2$F93352 $81 961 $aOmaggio: Rimoldi mons. Antonio 996 $6245$a1$9(OLS)http://semarc/title/6508